ბათუმის შოთა რუსთაველის სახელმწიფო უნივერსიტეტის ბიბლიოთეკა

ახლო აღმოსავლეთი და საქართველო = The Neareast and Georgia : (ბიბ.ჩანაწერი № 48592)

000 -ლიდერი
ფიქსირებული სიგრძის საკონტროლო ველი 01855nam a2200277Ia 4500
001 - საკონტროლო ნომერი
საკონტროლო ველი 15492
003 - საკონტროლო ნომრის იდენტიფიკატორი
საკონტროლო ველი GE_BSU
005 - ბოლო ოპერაციის თარიღი და დრო
საკონტროლო ველი 20210712135053.0
008 - ფიქსირებული სიგრძის მონაცემთა ელემენტები - ზოგადი ინფორმაცია
ფიქსირებული სიგრძის საკონტროლო ველი 181216s2014||||ge |||||||||||||| ||geo||
020 ## - წიგნის საერთაშორისო სტანდარტული ნომერი
International Standard Book Number 9789941182167
040 ## - კატალოგიზაციის წყარო
Transcribing agency GE_BSU
041 ## - ენის კოდი
Language code of text/sound track or separate title geo
080 ## - უნივერსალური ათობითი კლასიფიკაციის ინდექსი
Universal Decimal Classification number 08.56 ა-98
245 ## - ცნობა სათაურის შესახებ
Title ახლო აღმოსავლეთი და საქართველო = The Neareast and Georgia :
Remainder of title N 8. კრებული /
Statement of responsibility, etc რედაქტორი: გიორგი სანიკიძე; საქართველოს მეცნიერებათა აკადემია.
264 ## - წარმოების, გამოცემის, დისტრიბუციის და სხვა ცნობები
გამოცემის, წარმოების, დისტრიბუციის... ადგილი თბილისი :
გამოცემის, წარმოების, დისტრიბუციის... სახელწოდება ილიას სახელმწიფო უნივერსიტეტის გამ.-ბა,
გამოცემის, წარმოების, დისტრიბუციის... თარიღი 2014.
300 ## - ფიზიკური აღწერა
Extent 348 გვ;
Other physical details 24 სმ.
500 ## - ზოგადი შენიშვნა
General note კრებული ეძღვნება აღმოსავლეთმცოდნეობის ინსტიტუტის დამაარსებლის აკადემიკოს გიორგი წერეთლის 110-ე წლისთავს
653 ## - INDEX TERM--UNCONTROLLED
Uncontrolled term ახლო აღმოსავლეთი და საქართველო
653 ## - INDEX TERM--UNCONTROLLED
Uncontrolled term კრებული
653 ## - INDEX TERM--UNCONTROLLED
Uncontrolled term აღმოსავლეთმცოდნეობა
700 ## - ADDED ENTRY--PERSONAL NAME
Personal name სანიკიძე, გიორგი
Relator term რედაქტორი
9 (RLIN) 3936
710 ## - ADDED ENTRY--CORPORATE NAME
Corporate name or jurisdiction name as entry element საქართველოს მეცნიერებათა აკადემია.
9 (RLIN) 12230
710 ## - ADDED ENTRY--CORPORATE NAME
Corporate name or jurisdiction name as entry element გ. წერეთლის სახელობის აღმოსავლეთმცოდნეობის ინსტიტუტი
9 (RLIN) 12231
710 ## - ADDED ENTRY--CORPORATE NAME
Corporate name or jurisdiction name as entry element თბილისის აზიისა და აფრიკის ინსტიტუტი
9 (RLIN) 12232
942 ## - ADDED ENTRY ELEMENTS (KOHA)
Koha item type წიგნი
Source of classification or shelving scheme
ეგზემპლარები
ჩამოწერის სტატუსი დაკარგული ეგზემპლარის სტატუსი კლასიფიკაციის წყარო ან თაროზე გაწყობის სქემა დაზიანების სტატუსი არ გაიცემა მუდმივი მდებარეობა (დაცვის ადგილი) ამჟამინდელი ადგილსამყოფელი თაროზე განთავსების ადგილი შეძენის თარიღი სრული შენახვის შიფრი შტრიხკოდი ბოლო ოპერაციის თარიღი ეგზემპლარის მიმდევრობითი ნომერი (კეტერი?) ფასის ძალაში შესვლის თარიღი ეგზემპლარის სახეობა ღირებულება, შესყიდვის ნორმალური ფასი საჯარო შენიშვნა
          ბათუმის შოთა რუსთაველის სახელმწიფო უნივერსიტეტის მთავარი ბიბლიოთეკა ბათუმის შოთა რუსთაველის სახელმწიფო უნივერსიტეტის მთავარი ბიბლიოთეკა წიგნსაცავი 2018-12-17 08.56 ა-98 39166 2018-12-17 39166 2018-12-17 წიგნი    
          ბათუმის შოთა რუსთაველის სახელმწიფო უნივერსიტეტის მთავარი ბიბლიოთეკა ბათუმის შოთა რუსთაველის სახელმწიფო უნივერსიტეტის მთავარი ბიბლიოთეკა წიგნსაცავი 2018-12-17 08.56 ა-98 39167 2018-12-17 39167 2018-12-17 წიგნი    
          ბათუმის შოთა რუსთაველის სახელმწიფო უნივერსიტეტის მთავარი ბიბლიოთეკა ბათუმის შოთა რუსთაველის სახელმწიფო უნივერსიტეტის მთავარი ბიბლიოთეკა წიგნსაცავი 2023-05-18 08.56 ა-98 64397 2023-05-18 64397 2023-05-18 წიგნი 8.00 8.00